000 00380cam a2200157ua 4500
041 _aeng
_h
082 _a611
_bTAT/HU
100 _aTatarinov, V .
245 _aHuman anatomy and physiology /
_cV Tatrinov.
_hTextual Documents
250 _a1 /
_b.
260 _aMoscow :
_bMir publishers ,
_c1966.
300 _a318 ; .
504 _a
942 _cBK
999 _c10846
_d10846